| 000 | 00552nam a22002177a 4500 | ||
|---|---|---|---|
| 003 | UA-OsUOA | ||
| 001 | 31719 | ||
| 007 | ta | ||
| 008 | 20050111b un ||||| |||| 00| 0 ukr d | ||
| 090 |
_a004.738.5 _bН15 |
||
| 942 | _cBK | ||
| 040 |
_aUA-OsUOA _bukr _cUA-OsUOA _dUA-OsUOA |
||
| 245 |
_aНавігатор _bПідбірка сайтів _c570 Виконавець роботи В.Гуріна |
||
| 300 | _a20 с. | ||
| 955 | _a0 | ||
| 041 | _aukr | ||
| 080 | _a004.738.5 | ||
| 260 |
_aРівне _bРДОБ _c2004 |
||
| 044 | _aUA | ||
| 650 | 7 | _2UDC | |
| 999 |
_c318149 _d318149 |
||